000 00704ata a2200277 4500
005 20260422193628.0
008 150223b2012 xxu||||| |||| 00| 0 eng d
020 _a9789682482670
041 _aESP
082 _a370.11 P436e
100 _aPereira de Gómez, María Nieves
_918502
245 _aEducación en valores
260 _aMéxico
260 _bTrillas
260 _c2012
300 _a184 páginas
490 _aTemática General
650 _aEDUCACIÓN
650 _aVALORES
650 _aINNOVACIONES
650 _aEDUCACIÓN PERSONALIZADA
650 _aEDUCACIÓN POR VALORES
650 _aCAMBIO EDUCATIVO
650 _aPERSONALIZACIÓN DE PROFESORES
942 _cBK
_2ddc
999 _c5571
_d5571